| 000 | 00595nam a22002297a 4500 | ||
|---|---|---|---|
| 003 | UA-OsUOA | ||
| 001 | 31307 | ||
| 007 | ta | ||
| 008 | 20041209b un ||||| |||| 00| 0 ukr d | ||
| 090 |
_a902.6(477) _bД73 |
||
| 942 | _cBK | ||
| 040 |
_aUA-OsUOA _brus _cUA-OsUOA _dUA-OsUOA |
||
| 245 |
_aДревности степного Причерноморья и Крыма _bСборник научных трудов |
||
| 300 | _a140 с. | ||
| 955 | _a0 | ||
| 041 | _arus | ||
| 080 | _a902.6(477) | ||
| 260 |
_aЗапорожье _c1997 |
||
| 044 | _aUA | ||
| 650 | 7 | _2UDC | |
| 999 |
_c317730 _d317730 |
||